000 00772nam a2200205Ii 4500
003 JO-AjNU
008 230605s9999||||xx |||||||||||||| ||und||
017 _a2003/10/8/6
040 _aJO-AjNU
_bara
_erda
_cJO-AjNU
041 _aara
050 1 4 _aQ127.J67 2003
100 3 _aالمجلس الاعلى للعلوم والتكنولوجيا,
_eauthor
_952213
245 0 0 _aالاسبوع العلمي الاردني التاسع : التكنولوجيا الحيوية ودورها في الاقتصاد الاردني
264 3 1 _aعمان: الامانه العامة ،2003
300 _a66ص
336 _atext
_btxt
_2rdacontent
337 _aunmediated
_bn
_2rdamedia
338 _avolume
_bnc
_2rdacarrier
650 4 _aالاقتصاد الاردني
_952214
999 _aA23116
_c26684
_d26684